Premier League teams 2010/2011 - Statistics

General Stats
  • This quiz has been taken 10 times
  • The average score is 18 of 20
Answer Stats
Position Points Team % Correct
4 68 Arsenal
100%
2 71 Chelsea
100%
7 54 Everton
100%
6 58 Liverpool
100%
3 71 Manchester City
100%
1 80 Manchester United
100%
12 46 Newcastle United
100%
5 62 Tottenham Hotspur
100%
20 33 West Ham United
100%
9 48 Aston Villa
90%
18 39 Birmingham City
90%
13 46 Stoke City
90%
10 47 Sunderland
90%
11 47 West Bromwich Albion
90%
17 40 Wolverhampton Wanderers
90%
15 43 Blackburn Rovers
80%
8 49 Fulham
80%
16 42 Wigan Athletic
70%
19 39 Blackpool
60%
14 46 Bolton Wanderers
60%
No matching quizzes found
Score Distribution
Percent of People with Each Score
Percentile by Number Answered
Your Score History
You have not taken this quiz